Countries Johnny Depp has Visited - Statistics

General Stats
  • This quiz has been taken 43 times
    15 since last reset
  • The average score is 29 of 40
Answer Stats
Continent Country % Correct
Oceania Australia
100%
South America Brazil
100%
Europe France
100%
Europe United Kingdom
100%
South America Argentina
91%
North America Canada
91%
Europe Italy
91%
Europe Spain
91%
North America United States of America
91%
Europe Germany
82%
Europe Greece
82%
Asia Japan
82%
Europe Portugal
82%
Asia/ Europe Russia
82%
Europe Austria
73%
Asia China
73%
Europe Czech Republic
73%
Europe Denmark
73%
Europe Finland
73%
Europe Hungary
73%
Europe Ireland
73%
Africa Morocco
73%
Europe Norway
73%
Europe Poland
73%
Europe Slovakia
73%
Europe Sweden
73%
Europe Switzerland
73%
Asia/ Europe Turkey
73%
Europe Belgium
64%
Europe Bulgaria
64%
Europe Romania
64%
Asia Saudi Arabia
64%
Europe Luxembourg
55%
Europe Netherlands
55%
North America Saint Lucia
55%
North America Saint Vincent and the Grenadines
55%
Europe Serbia
55%
North America Bahamas
45%
North America Dominica
45%
Europe Monaco
45%
No matching quizzes found
Score Distribution
Percent of People with Each Score
Percentile by Number Answered
Your Score History
You have not taken this quiz since the last reset